000 01205naa a22003137a 4500
001 BR8405289
003 BR-BrBNA
005 20240918175459.0
007 ta
008 230509b bl.||||| |||| 00| 0 por d
040 _aBR-BrBNA
_bpor
_cBiblioteca Nacional de Agricultura
041 _a(Pt)
072 _aH20; F30
_b0336
_b4120
090 _aH20 BR8405289
100 1 _aNeto, N.
100 1 _aBonetti, L.P.
100 1 _aTragnago, J.L.
100 1 _aGiordani, N.A.
111 1 _a12. Reuniao de Pesquisa de Soja da Regiao Sul
_cPelotas, RS (Brazil)
_d31 Jul 1984
245 1 _aReacao a campo de cultivares de soja a doencas [Cercospora sojina]
260 3 _aCruz Alta, RS (Brasil):
_c1984.
500 _aContribuicao do Centro de Experimentacao e Pesquisa a 12. Reuniao de Pesquisa de Soja da Regiao Sul Cruz Alta, RS (Brasil): 1984. p. 129-142 (BR8405289-AM)H20
650 _aSOJA
650 _aMANCHA OLHO DE RA
650 _aVARIEDADE RESISTENTE
773 0 _tContribuicao do Centro de Experimentacao e Pesquisa a 12. Reuniao de Pesquisa de Soja da Regiao Sul
_wH20 BR8405289
_gCruz Alta, RS (Brasil), 1984. p. 129-142
909 _a202404
_bLucia
_c55
_dLucia Elande
942 _cAM
_2AGRIS
999 _c316921
_d316921